000 00413nam a2200145Ia 4500
008 100122s9999 xx 000 0 und d
082 _b45658
_a823.08
100 _aडांगे अनिल
245 _aस्वस्तिक
260 _bमौज प्रकाशन गृह
_c1991
300 _a158
630 _aस्वस्तिक
730 _aस्वस्तिक
942 _cBOOK
999 _c425055
_d425052